Aplikace analýzy citlivosti a využití pravděpodobnosti při hodnocení podnikatelských projektů
Popis a aplikácia vybraných metód pre hodnotenie podnikateľských projektov. Aplikácia analýzy citlivosti, zavedenie pravdepodobnosti, aplikácia scenárov a základných štatistických ukazovateľov. Príklady.
Gespeichert in:
| 1. Verfasser: | |
|---|---|
| Format: | Buchkapitel |
| Sprache: | Tschechisch |
| Schlagworte: | |
| Tags: |
Keine Tags, Fügen Sie das erste Tag hinzu!
|
MARC
| LEADER | 00000naa a2200000 4500 | ||
|---|---|---|---|
| 001 | r044390 | ||
| 005 | 20230913090331.1 | ||
| 041 | 0 | |a cze | |
| 044 | |a CZ | ||
| 245 | 1 | 0 | |a Aplikace analýzy citlivosti a využití pravděpodobnosti při hodnocení podnikatelských projektů |c Miroslava Dolejšová |
| 520 | |a Popis a aplikácia vybraných metód pre hodnotenie podnikateľských projektov. Aplikácia analýzy citlivosti, zavedenie pravdepodobnosti, aplikácia scenárov a základných štatistických ukazovateľov. Príklady. | ||
| 610 | 2 | 0 | |a analýza citlivosti |
| 610 | 2 | 0 | |a pravdepodobnosť |
| 610 | 2 | 0 | |a podnik |
| 610 | 2 | 0 | |a projekty |
| 610 | 2 | 0 | |a hodnota |
| 100 | 1 | |a Dolejšová, Miroslava | |